|
|
|
|
| LEADER |
01223aam a22002778a 4500 |
| 001 |
00043611 |
| 005 |
20190225170235.0 |
| 008 |
140604s2013 ||||||viesd |
| 020 |
# |
# |
|c 0
|a 9786049721712
|
| 041 |
0 |
# |
|a vie
|
| 082 |
1 |
# |
|a 895.922 08
|b TH460C
|
| 100 |
1 |
# |
|a Nguyễn, Kiến Thọ
|
| 245 |
1 |
0 |
|c Nguyễn Kiến Thọ
|a Thơ ca dân tộc HMông từ truyền thống đến hiện đại
|
| 260 |
# |
# |
|a Hà Nội
|b Hội nhà văn
|c 2018
|
| 300 |
# |
# |
|a 483 tr.
|c 21 cm.
|
| 500 |
# |
# |
|a ĐTTS ghi: Liên Hiệp các Hội Văn học Nghệ thuật Việt Nam. Hội Văn học Nghệ thuật các Dân tộc Thiểu số Việt Nam
|
| 504 |
# |
# |
|a tr.243-259
|
| 653 |
# |
# |
|a Lịch sử
|
| 653 |
# |
# |
|a Người H'Mông
|
| 653 |
# |
# |
|a Thơ ca
|
| 653 |
# |
# |
|a Văn học Việt Nam
|
| 653 |
# |
# |
|a Văn học dân tộc thiểu số
|
| 710 |
# |
# |
|a Liên Hiệp các Hội Văn học Nghệ thuật Việt Nam
|b Hội Văn học Nghệ thuật các Dân tộc Thiểu số Việt Nam
|
| 852 |
# |
# |
|j KD.0024808
|
| 910 |
0 |
# |
|d 25/2/2019
|
| 980 |
# |
# |
|a Trung tâm Học liệu Lê Vũ Hùng, Trường Đại học Đồng Tháp
|